Horses, Horses, Horses - Statistics

General Stats
  • This quiz has been taken 889 times
    875 since last reset
  • The average score is 13 of 25
Answer Stats
Hint % Correct
a grown female horse mare
93%
an uncastrated male horse stallion
90%
How you measure a horse Hands
89%
a castrated male horse gelding
87%
a hand is this many inches 4 in.
82%
this saddle has a horn and pastern Western
82%
made out of the same stuff as a human nail hoof
76%
A year old horse (colt or filly) yearling
74%
fancy term for wild horse; American ________ are almost extinct and are currently endangered and have been for a long time Mustang
72%
A horse known for its spotted pattern Appaloosa
70%
saddle is commonly used for jumping and has no horn and is smaller and lighter English
70%
hair between ears forelock
67%
where you start measuring hands down from on a horse and where the saddle pad is placed withers
59%
only difference from horse is the number of hands pony
58%
how'd the Lippizaner get its famous white coat selective breeding
55%
any animal related to a horse or a horse itself equine
51%
the birthing of a foal is better known as what foaling
38%
Named after Justin Morgan and was first bred by him Morgan horse
31%
Shetland, Morgan, Quarter Horse are just a few breeds
27%
often mistaken for a super small pony but isn't miniature horse
22%
Named after a town in Scotland of the same name (as the horse breed) Clydesdale
16%
horses are what animals other than flight or prey social, herd
15%
Caballo-Spanish for horse is based off of its scientific name which is _________ ___________ Equus Caballus
5%
horses have been around this long 55 million years
3%
the first horse was only this many hands high 3.2hh
0%
No matching quizzes found
Score Distribution
Percent of People with Each Score
Percentile by Number Answered
Your Score History
You have not taken this quiz since the last reset